000 00462cam a22001934a 4500
005 20250605164154.0
008 250528s ||||||||||||||||||||||||d
035 _a19491
020 _a085199282X
040 _aGR-AtMCL
_bgre
_dGR-AtMCL
_eAACR2
245 1 _aSTRATEGIC MANAGEMENT IN TOURISM
250 _a1
260 _bCab International,
_c2000
300 _a349
700 1 _aMoutinho Luiz
_91710
942 _cBK
999 _c4747
_d4747